000 00626nam a22001937a 4500
005 20251108173139.0
008 250721s9999 xx 000 0 ara d
020 _a9953721025
082 1 4 _a615.89/ رزق
100 1 _aرزق، هيام
245 1 0 _aأسرار العلاج بالنباتات /
264 1 _aبيروت :
_bدار القلم للطباعة و النشر و التوزيع،
300 _a115ص
490 0 _aالسلسلة الطبية: الدليل الصحي للأسرة
_v2
650 1 7 _aالطب الشعبي
650 1 7 _aالنباتات الطبية
942 _2ddc
_cBK
999 _c97126
_d97126